|
|
|
|
| LEADER |
01362naa a2200325 i 4500 |
| 001 |
acta76075 |
| 005 |
20220711145139.0 |
| 008 |
220627s2021 hu o 1|| eng d |
| 020 |
|
|
|a 978-963-306-790-1
|
| 040 |
|
|
|a SZTE Egyetemi Kiadványok Repozitórium
|b hun
|
| 041 |
|
|
|a eng
|
| 245 |
0 |
0 |
|a 18th Wellmann International Scientific Conference
|h [elektronikus dokumentum] :
|b book of abstracts
|
| 260 |
|
|
|a University of Szeged Faculty of Agriculture
|b Hódmezővásárhely
|c 2021
|
| 300 |
|
|
|a 84
|
| 490 |
0 |
|
|a Wellmann International Scientific Conference
|
| 650 |
|
4 |
|a Természettudományok
|
| 650 |
|
4 |
|a Föld- és kapcsolódó környezettudományok
|
| 650 |
|
4 |
|a Mezőgazdaság-tudományok
|
| 650 |
|
4 |
|a Mezőgazdaság, erdészet, halászat
|
| 650 |
|
4 |
|a Állattenyésztési és tejtermelési tudomány
|
| 695 |
|
|
|a Mezőgazdaság - előadáskivonat, Növénytermesztés - előadáskivonat, Állattenyésztés - előadáskivonat, Vidékfejlesztés - előadáskivonat
|
| 700 |
0 |
1 |
|a Kiss Orsolya
|
| 700 |
0 |
1 |
|a Monostori Tamás
|
| 700 |
0 |
1 |
|a Jakab Péter
|
| 700 |
0 |
1 |
|a Komarek Levente
|
| 700 |
0 |
1 |
|a Süli Ágnes
|
| 700 |
0 |
1 |
|a Hupuczi Júlia
|
| 700 |
0 |
1 |
|a Majzinger István
|
| 711 |
|
|
|a Wellmann International Scientific Conference
|c Online
|d 2021. május 13.
|
| 856 |
4 |
0 |
|u http://acta.bibl.u-szeged.hu/76075/1/wellmann_abstracts_2021.pdf
|z Dokumentum-elérés
|